000 00277nam a22001217a 4500
003 SGT
082 _a080
_bG14K
100 _aKAPUR, NEELAM
245 _aGENERAL ELECTIONS 2014: REFERENCE HANDBOOK
260 _bPRESS INFORMATION BUREAU
_c2014
300 _a249
942 _2ddc
_cBK
999 _c31461
_d31461